000 00572nam a2200205Ia 4500
003 OSt
005 20250808171948.0
008 210423s1990 xx 000 0 und d
040 _cAL
041 _aEnglish
082 _a320
_bVALP
100 _aFrenc A Vali
_9103559
245 _aPolitics of the indian ocean region
_b: the balance of power
260 _aKottaym
_bOxford University Press
_c1990
365 _cINR
650 _aPolitical Science
_9103560
650 _aPolitical Science
_9103560
906 _aindian ; ocean ; Politics ; region
942 _2ddc
_cBK
999 _c172034
_d172034